| 000 | 00598 a2200181 4500 | ||
|---|---|---|---|
| 999 |
_c7040 _d7040 |
||
| 020 | _a9780073368849 | ||
| 050 | _aHB171.5 WAL 2009 | ||
| 100 |
_aWalstad, William B. _eauthor |
||
| 245 |
_aStudy guide for use with McConnell, Bruce, and Flynn macroeconomics / _cWilliam B. Walstad |
||
| 250 | _a18th ed. | ||
| 264 |
_aBoston : _bMcGraw-Hill / Irwin, _c2009. |
||
| 300 | _a279p. : | ||
| 500 | _aIncludes glossary | ||
| 650 | _aMacroeconomics -- Problems, exercises, etc | ||
| 650 | _aMacroeconomics -- Study guides | ||
| 650 | _aEconomics -- Textbooks | ||
| 942 |
_2lcc _cBK _e18th ed. _h171.5 _iWAL _kHB |
||